| 000 | 01046nam a2200265 a 4500 | ||
|---|---|---|---|
| 001 | BRCA_3756 | ||
| 005 | 20190320204419.0 | ||
| 008 | 090710s2009 it-a---##b---#000-0dita-d | ||
| 020 | _a9788809742383 | ||
| 041 | _aita | ||
| 044 | _ait | ||
| 050 | 4 |
_aQB36.G3 _b.C36 2009 |
|
| 245 | 1 | 0 |
_aIl Cannocchiale e il Pennello _bNuova Scienza e Nuova Arte nell´etá di Galileo _cA cura di Lucia Tongiorgi Tomasi, Alessandro Tosi. |
| 260 |
_aFlorencia, Italia _bGiunti _c2009 |
||
| 300 |
_a414 p. _bil. a color _c26 cm. |
||
| 500 | _aCatálogo de la exposición realizada en el Palazzo Blu (Pisa, Italia), 9 mayo - 19 julio, 2009 | ||
| 500 | _aIncluye piezas de la colección Franz Mayer: portada | ||
| 504 | _aBibliografía: p. 393-414 | ||
| 600 | 1 | 4 |
_aGalilei, Galileo _d1564-1642 _vExposiciones _xInfluencia _99793 |
| 650 | 1 | 4 |
_aArte y ciencia _vExposiciones _xHistoria _ySiglo XVI-XVII _99794 |
| 650 | 1 | 4 |
_aArte moderno _vExposiciones _ySiglo XVII _99795 |
| 700 | 1 |
_aTongiorgi Tomasi, Lucia _99796 |
|
| 700 | 1 |
_aTosi, Alessandro _99797 |
|
| 942 |
_2lcc _cB |
||
| 999 |
_c3485 _d3485 |
||